| LEADER 00000nam 2200000uu 4500 |
| 001 213528 |
| 003 ULIBM |
| 008 020711s2564 th a 000 0 tha d |
| 020 97861658623499
|
| 041 ^atha^beng
|
| 060 4 WY150 ฐ329ก 2564
|
| 100 ฐิตาพร วรภัณฑ์วิศิษฎ์
|
| 245 การพยาบาลผู้ป่วยที่มีภาวะความดันในกระโหลกศรีษะสูง: มิติการพยาบาลโดยใช้หลักฐานเชิงประจักษ์=^bNursing care of increased intracranial pressure: a dimension of evidence based nursing practice/^cฐิตาพร วรภัณฑ์วิศิษฎ์
|
| 246 31 ^aNursing care of increased intracranial pressure: a dimension of evidence based nursing practice
|
| 250 พิมพ์ครั้งที่ 1
|
| 260 สุราษฏร์ธานี :^bวิทยาลัยพยาบาลบรมราชชนนี สุราษฏร์ธานี,^c2564
|
| 300 154 หน้า :^bภาพประกอบ ;^c21 ซม.
|
| 650 4 การพยาบาลผู้ป่วยวิกฤต
|
| 650 4 ^aความดันในกระโหลกศรีษะ
|
| 999 ^aใช้งานได้ทุกระบบ
|